| 000 | 00530ntaaa2200193 4500 | ||
|---|---|---|---|
| 003 | 01 | ||
| 005 | 20251027202306.0 | ||
| 008 | 0714s1973 ag 01 | ||
| 040 |
_aAR-BaBN _bspa _cAR-BaBN _eaacr _dRIC |
||
| 082 | _a276.0000 M22 | ||
| 100 |
_aMcMahan, Tom _921422 |
||
| 245 | _aSafari for souls | ||
| 250 | _a1 ed. | ||
| 260 |
_aMinneapolis : _bGrason Company, _cc1960 |
||
| 300 | _a111 p | ||
| 500 | _aInforme del viaje evangelístico de Billy Graham en varios países africanos en 1960 | ||
| 650 |
_aAfrica _917522 |
||
| 942 | _cBK | ||
| 999 |
_c17697 _d17697 |
||